20 pytań z wiedzy ogólnej - Statystyki

Ogólne statystyki
  • Ten quiz został rozwiązany 127 razy
    94 od ostatniego zresetowania
  • Średni wynik to 8 z 20
Statystyki odpowiedzi
Pytanie Odpowiedź % Poprawnych
W którym roku był zamach na World Trade Center? 2001
95%
Ilu sąsiadów ma Paragwaj? 3
88%
Ile zębów ma większość dorosłych ludzi? 32
79%
Jak się nazywa samica konia? Klacz
79%
W którym roku rozpadł się Związek Radziecki? 1991
74%
Jakie miasto jest stolicą Mołdawii? Kiszyniów
74%
Jaki jest symbol Kryptonu? Kr
54%
Jaką grę kupił Microsoft za 2,5 miliarda dolarów Minecraft
52%
Jakie państwo graniczy z Erytreą, Somalią i Etiopią? Dżibuti
43%
Kto był pierwszym i ostatnim prezydentem PRL w latach 1989-1990? Wojciech Jaruzelski
39%
Jakie miasto było stolicą Niemiec w latach 1949-1990? Bonn
35%
Jak się nazywa najwyższy szczyt Ameryki Północnej? Denali
29%
Kto jest głównym bohaterem gry Grand Theft Auto IV? Niko Bellic
27%
Co jest walutą Izraela? Szekel
27%
Jak się nazywa kombajn który gonił Zygzaka i Złomka w filmie "Auta"? Heniek
15%
W którym roku Irlandia ogłosiła niepodległość? 1921
12%
Kto był prezydentem Ukrainy w latach 1994-2005? Łeonid Kuczma
11%
Jak nazywa się lekarz, który zajmuje się osobami z nadwagą i otyłością? Bariatra
6%
Kto stworzył system operacyjny Linux? Linus Torvalds
6%
Kto stworzył Lego? Ole Kirk Christiansen
2%
Nie znaleziono quizów pasujących do podanych kryteriów
Rozkład punktacji
Procent ludzi z każdym wynikiem
Percentyl według liczby udzielonych odpowiedzi
Twoja historia wyników
Nie rozwiązałeś tego quizu od ostatniego zresetowania